| 000 | 00775cam a22002771 4500 | ||
|---|---|---|---|
| 001 | sa 65006267 | ||
| 003 | DLC | ||
| 005 | 20260227112141.0 | ||
| 008 | 900212s1964 ii 000 0 sano | ||
| 010 | _asa 65006267 | ||
| 035 | _a(OCoLC)21052571 | ||
| 040 |
_aDLC _cWaU _dDLC |
||
| 041 | 0 | _asanhin | |
| 042 | _apremarc | ||
| 043 | _aa-ii--- | ||
| 050 | 0 | 0 |
_aPK2916 _b.K7 1964 |
| 100 | 0 |
_aKṣemendra, _dactive 11th century. |
|
| 245 | 1 | 0 | _aAucityavicāracarcā. |
| 260 | _c[1964] | ||
| 300 |
_a59, 214 p. _c19 cm. |
||
| 440 | 0 |
_aVidyabhawan Sanskrit granthamala, _v118 |
|
| 500 | _aAdded t. p. in English. | ||
| 500 | _aHindi and Sanskrit; introd. in Hindi. | ||
| 650 | 0 |
_aSanskrit poetry _xHistory and criticism. |
|
| 700 | 1 |
_aJha, Braj Mohan, _d1924- _tPrabhā. |
|
| 999 |
_c64587 _d64587 |
||